Physics / (Record no. 11574)

000 -LEADER
fixed length control field 00432nam a2200181Ia 4500
020 ## - INTERNATIONAL STANDARD BOOK NUMBER
ISBN 0393954048
020 ## - INTERNATIONAL STANDARD BOOK NUMBER
ISBN 0393954072
040 ## - CATALOGING SOURCE
Transcribing agency HLY
082 ## - DEWEY DECIMAL CLASSIFICATION NUMBER
Classification number 530 NOR 1985 A030 Or.
100 1# - MAIN ENTRY--AUTHOR NAME
Personal name Ohanian, Hans C.
245 10 - TITLE STATEMENT
Title Physics /
250 ## - EDITION STATEMENT
Edition statement 1st ed.
260 ## - PUBLICATION, DISTRIBUTION, ETC. (IMPRINT)
Place of publication New York ;
-- London :
Name of publisher Norton,
Year of publication c1985.
300 ## - PHYSICAL DESCRIPTION
Number of Pages 2 v. :
Other physical details ill. ;
Dimensions 29 cm.
500 ## - GENERAL NOTE
General note Also issued as one volume.
650 #0 - SUBJECT ADDED ENTRY--TOPICAL TERM
Topical Term Physics.
942 ## - ADDED ENTRY ELEMENTS (KOHA)
Koha item type សៀវភៅភាសាអង់គ្លេស
952 ## - LOCATION AND ITEM INFORMATION (KOHA)
Withdrawn status [LOCAL, KOHA] 0
Holdings
Permanent Location Date acquired Koha item type Lost status Shelving location Barcode Current Location Full call number
Library Block A2017-08-03សៀវភៅភាសាអង់គ្លេស A030A09749Library Block A530 NOR 1985 A030 Or.
មជ្ឈមណ្ឌលឯការនៃសាកលវិទ្យាល័យភូមិន្ទកសិកម្មចំការដូង

Powered by Koha